000 00783nam a2200229Ii 4500
003 JO-AjNU
008 230605s9999||||xx |||||||||||||| ||und||
017 _a76/3151
020 _a977-7219-02-4
040 _aJO-AjNU
_bara
_erda
_cJO-AjNU
041 _aara
050 1 4 _aBP173.758.S3 1976
100 3 _aحمود، سامي حسن,
_eauthor
_946830
245 0 0 _aتطوير الأعمال المصرفية بما يتفق والشريعة الإسلامية
250 _aط1
264 3 1 _aد.م: المؤلف، 1976
300 _a552ص
_bببلوغرافيا ص(507-552)
336 _atext
_btxt
_2rdacontent
337 _aunmediated
_bn
_2rdamedia
338 _avolume
_bnc
_2rdacarrier
650 4 _aالاقتصاد الاسلامي- البنوك الاسلامية
_946831
999 _aA20401
_c23969
_d23969